| 000 | 00614nam a2200193Ia 4500 | ||
|---|---|---|---|
| 008 | 090124s9999 xx 000 0 und d | ||
| 082 | _b45529 | ||
| 100 | _aजी.के.प्रधान | ||
| 245 | _a साद देती हिमशिखरे | ||
| 250 | _a16 | ||
| 260 | _c2007 | ||
| 300 | _a250 | ||
| 600 | _aजी.के.प्रधान | ||
| 630 | _a साद देती हिमशिखरे | ||
| 700 | _aजोशी रामचंद्र ज. | ||
| 700 | _aजी.के.प्रधान | ||
| 730 | _a साद देती हिमशिखरे | ||
| 942 | _cBOOK | ||
| 999 |
_c111746 _d111746 |
||